[Event "Najdorf Memorial 12th"]
[Site "Buenos Aires"]
[Date "2001.09.09"]
[Round "6"]
[White "Ricardi, Pablo"]
[Black "Felgaer, Ruben Alejandro"]
[Result "1/2-1/2"]
[WhiteElo "2545"]
[BlackElo "2471"]
[Annotator "Tsesarsky,I"]
[PlyCount "128"]
[EventDate "2001.09.04"]
[EventType "tourn"]
[EventRounds "9"]
[EventCountry "ARG"]
[EventCategory "14"]
[SourceTitle "CBM 085"]
[Source "ChessBase"]
[SourceDate "2001.11.13"]
[SourceVersion "1"]
[SourceVersionDate "2001.11.13"]
[SourceQuality "1"]

1. e4 c5 2. Nf3 Nc6 3. d4 cxd4 4. Nxd4 g6 5. c4 Bg7 6. Be3 Nf6 7. Nc3 O-O 8.
Be2 d6 9. O-O Bd7 10. Qd2 Nxd4 11. Bxd4 Bc6 12. f3 a5 13. b3 Nd7 14. Be3 Nc5
15. Rac1 Qb6 16. Nd5 ({Another mainline is} 16. Nb5) 16... Bxd5 17. cxd5 {
Plans of both sides are clear: Black tries to build dark squares Blockade,
White must use his pair of BB and space advantage:} Qb4 {Most popular move.} ({
How practice shows, White stands better in case of} 17... Rfc8 18. Rc4 (18. Kh1
Qb4 19. Qe1 Qxe1 20. Rfxe1 Nd7 21. Bb5 Nc5 22. Rc2 Rc7 23. Rec1 $14 {1-0
Breyther,R-Ponater,M/Hamburg 1999/EXT 2001 (30)}) 18... Qd8 19. Rc2 h5 20. Rfc1
Kh7 21. g3 Qd7 22. Kg2 b6 $14 {[%csl Ge2,Ge3] 1/2-1/2 Kozlov,V-Nadyrhanov,S/St
Petersburg 2000/EXT 2001 (22)}) 18. Rfd1 (18. Rc2 Qxd2 (18... f5 19. exf5 Rxf5
20. Bc4 Qxd2 21. Rxd2 Rc8 22. Re2 $14 (22. Bxc5 $6 Rxc5 23. a4 Re5 {1/2-1/2
Pirozhkov,A-Rychagov,A/Moscow 1995/EXT 97 (23)})) 19. Bxd2 e6 20. dxe6 Bd4+ 21.
Kh1 fxe6 22. Bc4 Kg7 23. Rd1 e5 24. Bg5 $14 {1/2-1/2 Fedorowicz,J-Haik,A/
Cannes 1987/TD (62)}) 18... Rfc8 (18... Rfb8 19. Kf1 b5 20. Rc2 Qxd2 21. Rdxd2
Na6 22. a3 $14 {1-0 Shamkovich,L-Taylor,G/Saint John 1988/CBM 06 (42)}) 19. Rc4
(19. Rc2 Kf8 (19... Nd7 20. Rdc1 Rxc2 21. Rxc2 Qxd2 22. Bxd2 Bd4+ 23. Kf1 Bc5
24. Bb5 Nf8 25. Bg5 f6 26. Bd2 $16 {[%csl Rf8] 1-0 Djurhuus,R-Gausel,E/NOR-ch
1994/TD (51)}) 20. Rdc1 Ke8 21. Kf1 b6 22. Qe1 Qxe1+ 23. Kxe1 Kd8 24. Bb5 $16 {
1-0 Balcerowski,W-Kavalek,L/Polanica Zdroj 1964/MCD (30)}) 19... Qxd2 20. Rxd2
b5 $6 $16 {Provoking White to sacrifice exchange.} (20... Rab8 $142 {This move
number was 21, not 20, because of different moves order in this game:} 21. Rc1
b5 22. Rdc2 b4 $14 {1/2-1/2 Khromov,V-Belozerov,A/Moscow 1996/CBM 55 ext (54)})
21. Rxc5 $1 {This strong sacrifice leads to serious advantage in endgame.} ({
Not so effective} 21. Rcc2 $6 $14 {[%csl Ge2,Ge3]}) ({Or} 21. Rc1 $6 $14 {
[%csl Ge2,Ge3]}) 21... dxc5 22. Bxb5 a4 $5 $146 {Interesting novelty. Black
tries to improve Black's counterplay comparing with game in parenthesis} ({
In the next game:} 22... Bd4 $5 23. Bxd4 cxd4 24. Bc6 Rab8 25. Rxd4 {White
left with serious advantage in the endgame:} Rb4 26. Rd2 Kf8 27. Kf2 e6 28. d6
Rd8 29. Ba4 f6 30. Ke3 Rb6 31. d7 Ke7 32. Rc2 g5 33. Rc5 $16 {1-0 Alburt,
L-Savon,V/Odessa 1974/EXT 99 (58)}) 23. bxa4 ({Worth of attention} 23. Bxa4 $5
c4 24. Bc6 cxb3 (24... c3 25. Rc2 Rab8 26. Kf1 $16 {[%csl Rc3][%cal Gf1e2,
Ge2d3]}) 25. axb3 Ra1+ 26. Kf2 Rb1 27. Bc5 Bf6 28. Rd3 (28. b4 Bc3 $1 $15)
28... Rb2+ 29. Kg3 h5 30. b4 $16) 23... f5 ({Or} 23... c4 24. Rc2 c3 25. Kf2
$16 {[%csl Rc3][%cal Gf2e2,Ge2d3]}) 24. exf5 $5 {[%csl Rd5] After this capture
Pd5 will be vulnerable.} ({More reliable looks} 24. Kf2 fxe4 25. fxe4 $16)
24... gxf5 25. Kf2 c4 26. Rc2 c3 27. Ke2 Rd8 28. Bb6 (28. Bc6 $5 Ra6 $5 {
preventing} 29. Kd3 $4 (29. Bc5 $1 $16) 29... Rxc6) 28... Rxd5 (28... Rd6 29.
Bc6 $16) 29. Bc4 e6 30. Bxd5 exd5 31. a5 Kf7 32. Kd3 Ke6 33. Rc1 $6 {Wrong
idea.} ({After} 33. Bd4 $1 Bxd4 34. Kxd4 Rxa5 35. Kxc3 $16 {White has clear
advantage in the RR endgame.}) 33... Kd6 34. Rb1 Be5 35. g3 h5 36. f4 Bf6 37.
Rb4 ({It was possible to return to noted above plan:} 37. Rc1 $22 {[%cal Gc1c2,
Gb6d4]} Bg7 38. Rc2 Bf6 39. Bd4 Bxd4 40. Kxd4 Rxa5 41. Kxc3 $16) 37... Rc8 38.
Rb1 ({After} 38. Be3 Rc6 (38... c2 $2 39. Rb6+ Ke7 40. Bc1 h4 41. gxh4 Bxh4 42.
a6 Bf2 43. Rb2 Ra8 44. Rxc2 $18 {[%csl Ga6,Rf2][%cal Gc2c6]}) 39. Rb7 d4 {
Black builds fortress:} 40. Bc1 Ke6 41. a4 Kd6 42. Ba3+ Ke6 43. Rb5 Bg7 {
It is unclear, how can White increase his pressure:} 44. Rb6 Kd5) 38... Rc4 39.
Be3 Ra4 40. Rb6+ Ke7 41. Bc5+ Kf7 42. Bb4 Rxa2 43. Bxc3 Bxc3 44. Kxc3 {This
endgame is essentially defferent from noted above - black R placed on active
position, and Black eventually survives.} h4 45. a6 h3 46. Kb3 Ra1 47. Rd6 ({
In case of} 47. Rb7+ Ke6 48. a7 Kd6 49. Kc3 (49. Kb4 Rb1+) 49... Kc5 {Black
has sufficient compensation for P lack:} 50. Rc7+ Kd6 51. Rh7 Kc5 52. Rxh3 Ra3+
53. Kb2 (53. Kd2 Rxa7 54. Rh5 Kd4 55. Rxf5 Ra2+ 56. Kc1 Rxh2 $44) 53... Rxa7
54. Rh5 Re7 55. Kc3 Re3+ 56. Kd2 Ra3 57. Rxf5 Kd4 $44 {[%csl Gd5]}) ({Maybe
strongest practical chance was} 47. Rh6 $5 Kg7 48. Kb2 Ra5 49. Rxh3 Rxa6 50.
Kc3 Ra4 51. Rh5 Kf6 52. Rh6+ Ke7 53. Rb6 (53. h4 Ra3+ 54. Kd4 Rxg3 55. Ke5 (55.
Kxd5 Re3 $44) 55... Re3+ 56. Kxf5 d4 57. Rh7+ Ke8 58. Ra7 d3 $44) 53... Rc4+
54. Kd3 Ra4 $14 {In this postion Black has sufficient compensation, but
certain difficulties are present...}) 47... d4 $1 48. Rh6 ({Or} 48. Kc4 d3 49.
Rxd3 Rxa6 $44) 48... d3 $1 {Black simplifies position by force.} 49. Kc3 Ra3+
50. Kd2 Ra2+ 51. Kxd3 Rxh2 52. a7 Ra2 53. Rh8 Ra3+ 54. Kd4 h2 $1 {A little
tactical trick allows Black to survive...} (54... Rxa7 $4 55. Rh7+ $18) 55.
Rxh2 Kg6 $1 56. Rc2 Rxa7 57. Rc6+ Kh5 58. Ke5 Ra5+ 59. Kf6 Kg4 60. Re6 (60. Rc3
Ra6+ $44) 60... Ra3 61. Re5 Ra6+ 62. Kg7 Ra7+ 63. Kf6 Ra6+ 64. Re6 Ra3 1/2-1/2

[Event "Reykjavik zt 1.3"]
[Site "Reykjavik"]
[Date "2000.09.10"]
[Round "2.4"]
[White "Hansen, Curt"]
[Black "Petursson, Margeir"]
[Result "0-1"]
[WhiteElo "2613"]
[BlackElo "2544"]
[Annotator "Tsesarsky,I"]
[PlyCount "108"]
[EventDate "2000.09.05"]
[EventType "k.o."]
[EventRounds "3"]
[EventCountry "ISL"]
[SourceTitle "CBM 079"]
[Source "ChessBase"]
[SourceDate "2000.11.21"]
[SourceVersion "1"]
[SourceVersionDate "2000.11.21"]
[SourceQuality "1"]

1. e4 (1. Nf3 g6 2. d4 Bg7 3. c4 c5 4. e4 cxd4 5. Nxd4 Nc6 6. Be3 Nf6 7. Nc3
Ng4 8. Qxg4 Nxd4 9. Qd1 Ne6 10. Rc1 d6 11. Be2 Bd7 12. Qd2 O-O 13. O-O Bc6 14.
f3 a5 15. b3 Nc5 16. Rc2 Qb6 17. Rb1 Rfc8 {This position was played in our
game with another moves order and Black move.} 18. Bf1 Qd8 19. Qf2 Qf8 20. Nd5
Nd7 21. Bg5 $142 $5 (21. Nb6 {Without NN White space advantage is not so
important.} Nxb6 22. Bxb6 Be5 23. g3 Qg7 24. Bg2 Bc3 25. a3 Bf6 $11 {Istrate,
Bogdan-Moldovan,Daniel/Calimanesti op ;EXT 2000 1997/1/2-1/2 (43)}) 21... f6
22. Be3 $14) 1... c5 2. Nf3 Nc6 3. d4 cxd4 4. Nxd4 g6 5. c4 Nf6 6. Nc3 d6 7.
Be2 Bg7 8. Be3 O-O 9. O-O Bd7 10. Qd2 Nxd4 11. Bxd4 Bc6 12. f3 a5 13. b3 Nd7
14. Be3 Nc5 15. Rab1 Qb6 16. Rfc1 Rfc8 17. Rc2 Qd8 (17... Qb4 18. Qc1 Qb6 19.
Bf1 Qd8 20. Qd2 Rab8 21. Qf2 Qf8 22. Qd2 h5 23. a3 Kh7 24. Bf2 Qh8 25. Nd5 Bxd5
26. Qxd5 $14 {Ginzburg,Maximiliano-Nedilsky,Diego/ARG-ch Buenos Aires (6) ;TD
1994/1-0 (62)}) 18. Bf1 b6 (18... Qe8 19. Rbc1 b6 20. Nd5 Rab8 21. Qf2 e6 22.
Nc3 Qe7 23. Rd1 Rd8 24. Bd4 (24. Nb5 Bxb5 25. cxb5 Rd7 (25... d5 26. exd5 Rxd5
27. Rxd5 exd5 28. Bxc5 bxc5 29. Rxc5 $16) 26. Bc4 Rbd8 27. Rcd2 $14) 24... Bxd4
25. Qxd4 Rd7 26. Rb2 Rbd8 27. Qe3 Qf6 $11 {Grischuk,Alexander-Kovchan,
Alexander/Wch U16 Oropesa del Mar (11) ;CBM 67 ext 1998/1/2-1/2 (59)}) (18...
Bd7 19. Re1 Be6 20. Kh1 Qf8 21. Bg5 h6 22. Be3 Kh7 23. Ne2 Bd7 24. Nf4 Bc6 25.
Bf2 Bf6 26. h4 h5 27. g3 Qg7 28. Kh2 Rd8 29. Ne2 Qf8 30. Bh3 Bg7 31. Nd4 Bd7
32. Bg2 $14 {Zetocha,Claudiu-Marasescu,Ioan/ROM-ch (6) ;EXT 97 1992/0-1 (53)})
19. Bg5 (19. a3 {[%cal Gb3b4]} Ra7 (19... Rcb8 20. b4 axb4 21. axb4 Ne6 22. Nd5
Nf8 23. Qf2 Nd7 24. Bg5 Bxd5 25. cxd5 $14 {Vilela,Jose Luis-Estevez,Guillermo/
Santa Clara (1) ;CBM 26 1991/1/2-1/2 (58)}) 20. Qf2 e6 (20... Rca8 21. b4 axb4
22. axb4 Nd7 23. Nd5 Rb8 24. Rbc1 Ra3 25. Bg5 $14 (25. Qd2 Rba8 26. Qf2 Rb8 27.
Qd2 Rb3 28. Ra2 e6 29. Qc2 {1/2-1/2 Schulz,Manfred-Taylor,Gordon/Canadian op
Winnipeg (4) ;CBM 60 ext 1997})) (20... Rb8 {-like in this game}) 21. b4 axb4
22. axb4 Nd7 23. Rbc1 Ra3 24. Qd2 Qf8 25. Bf4 Ne5 26. Be3 Nd7 27. Ne2 Rca8 $132
{1-0 Bosch,Jeroen-Troyke,Christian/Bundesliga 9899 (15) ;GER-chT 1999 (44)})
19... Ne6 20. Be3 Nc5 {Here White has good position because of space advantage.
White can choose plan: or to prepare b3-b4 after a2-a3 with purpose to replace
Nc5 - or to start a long play connected with manoeuvres Nd5 or Nb5 and Rd1,
Bg5 to provoke Black to weaken Pd6 etc.} 21. a3 (21. Nb5 $5 $14) (21. Nd5 {
[%cal Ge3g5]} e6 22. Nc3 Be5 23. Nb5 $14) 21... Ra7 22. Qf2 (22. b4 axb4 23.
axb4 Na4 24. Nd5 e6 25. Nf4 Rca8 $132 {and Black occupies a-line.}) 22... Rb8 (
22... Rca8 $6 {[%csl Rb6]} 23. b4 axb4 24. axb4 Na4 (24... Nd7 25. Nd5 Ra3 (
25... Rb8 26. Bg5 f6 27. Be3 $14) 26. Bg5 $14 (26. Nxb6 Rxe3 27. Nxa8 Bd4 $17))
25. Nxa4 Bxa4 26. Bxb6 Bxc2 27. Bxd8 Bxb1 28. Ba5 $14) 23. Nb5 ({Also quite
good was} 23. Nd5 e6 (23... h5 24. Qh4 Rc8 25. Rcc1 $14 (25. Bg5 Bd4+ 26. Kh1
f6 27. Bd2 e6 28. Be3 Be5 (28... Bxe3 29. Nxe3 $14) 29. Nc3 (29. f4 exd5 30.
fxe5 d4 $1 $17) 29... Qe7 30. Nb5 $14)) 24. Nc3 Qe7 25. Nb5 Bxb5 (25... Rd7 26.
Nd4 Bb7 27. b4 $14) 26. cxb5 $14 {[%cal Gb3b4,Gf1c4]}) 23... Raa8 24. Nd4 (24.
Nc3 $14 {[%csl Re7][%cal Gc3d5,Ge3g5]} Bxc3 $6 25. Rxc3 Bxe4 26. fxe4 Nxe4 27.
Qc2 Nxc3 28. Qxc3 $16) 24... Bd7 25. b4 {Premature P promotion.} (25. Nb5 $14)
25... axb4 26. axb4 Ra3 $1 {Very strong move refusing white strategy.} 27. Ra2
(27. bxc5 bxc5 28. Rxb8 (28. Nb5 Bxb5 29. cxb5 Rxe3 $17) 28... Qxb8 29. Ne2 Qb3
30. Bxc5 dxc5 31. Qxc5 Ra4 $1 (31... Ra1 32. Rd2 Qb7 $14) (31... Qxc2 32. Qxa3
Qxc4 33. Qxe7 $44) 32. Rd2 (32. Rc1 Bb2 33. Rb1 Ba3 34. Rxb3 (34. Qc8+ Bxc8 35.
Rxb3 Bc5+ 36. Kh1 Ra1 37. Ng3 Kg7 38. f4 h5 $19) 34... Bxc5+ 35. Kh1 Ra1 $19)
32... Rxc4 (32... Bh6 33. f4 Rxc4 34. Qa7 Rc7 35. Qxc7 Qe3+ 36. Kh1 Qxd2 37. h3
$15) 33. Qa7 Rc7 34. Qxc7 Qe3+ 35. Kh1 Qxd2 $15) (27. Nb5 Bxb5 28. cxb5 Nd7 29.
Bc4 Rba8 30. Bd5 R8a4 31. Rbc1 Ra1 $132) 27... Nd3 $1 28. Qd2 (28. Bxd3 Rxd3
$15) 28... Rxa2 29. Qxa2 Ra8 30. Qb3 Ne5 31. Nb5 (31. Be2 Qc7 32. Rc1 $132)
31... Bxb5 32. cxb5 Rc8 33. Bf2 $2 $17 ({It was necessary to change RR:} 33.
Rc1 Rxc1 34. Bxc1 Qc7 35. Be3 $11) 33... Qc7 {[%cal Gc8c1]} 34. Qa2 h5 35. Be3
Nd7 36. Qa3 (36. Rc1 {met by} Qxc1 37. Bxc1 Bd4+ 38. Kh1 Rxc1 39. Qe2 Ne5 40.
g3 g5 41. Kg2 Rb1 42. Kh1 g4 43. f4 Nf3 44. Qd3 Rc1 $17) 36... Qc3 37. Qxc3
Rxc3 $17 {White position is bad. c-line is occupied by the black R, to put
white R on the a-line is difficult because a1 square is controled by the black
Bg7.} 38. Bf2 Rc2 39. h4 (39. Bd3 Rd2 40. Bc4 Bd4 41. Bxd4 Rxd4 42. Bf1 d5 43.
exd5 Nf6 $17 {[%csl Rb4,Rd5][%cal Gf6d5,Gd5b4]}) 39... Be5 40. g3 Kf8 (40...
Bc3 $17 {[%cal Gd7e5]}) 41. Rb3 {[%cal Gb3a3]} e6 (41... Ra2 $5) 42. Ra3 Rd2 (
42... Ke7 $17) 43. Ra7 Ke8 44. Rc7 (44. Bh3 Bd4 45. Bxd4 Rxd4 $17) 44... Bd4
45. Bxd4 Rxd4 46. Rc4 Rd2 47. f4 $6 {[%csl Re4,Rg3,Rg4] White weaken number of
squares in the kingside} (47. Bg2 Ne5 48. Rc7 Rb2 49. Rb7 Nd7 50. Bf1 Rxb4 $17)
47... Nf6 48. Rc6 $6 (48. Bg2 Ng4 {[%csl Re3,Rg2][%cal Gd2g2,Gg4e3]} 49. Rc3
Rd1+ 50. Bf1 Rb1 $17) 48... Nxe4 49. Rxb6 Nxg3 50. Bc4 d5 51. Bb3 Rb2 52. Ba4
Rxb4 53. Ra6 Ne2+ 54. Kf1 Nc3 0-1

[Event "Olympiad-34"]
[Site "Istanbul"]
[Date "2000.10.29"]
[Round "2.1"]
[White "Adams, Michael"]
[Black "Gonzalez Acosta, Bernal Manuel"]
[Result "1-0"]
[WhiteElo "2755"]
[BlackElo "2428"]
[Annotator "Tsesarsky,I"]
[PlyCount "125"]
[EventDate "2000.10.28"]
[EventType "team-swiss"]
[EventRounds "14"]
[EventCountry "TUR"]
[SourceTitle "EXT 2001"]
[Source "ChessBase"]
[SourceDate "2000.11.22"]
[SourceVersion "1"]
[SourceVersionDate "2000.11.22"]
[SourceQuality "1"]
[WhiteTeam "England"]
[BlackTeam "Costa Rica"]
[WhiteTeamCountry "ENG"]
[BlackTeamCountry "CRI"]

1. e4 c5 2. Nf3 Nc6 3. d4 cxd4 4. Nxd4 g6 5. c4 Bg7 6. Be3 Nf6 7. Nc3 O-O 8.
Be2 d6 9. O-O Bd7 10. Re1 ({Here White has a lot of possibilities:} 10. Qd2 {
-mainline}) (10. Rc1 {-mainline}) ({and also} 10. f3) (10. Nb3) (10. Nc2) 10...
Nxd4 11. Bxd4 Bc6 12. Bd3 (12. Bf1 $5 $14 {1-0 Solozhenkin,E-Strijbos,M/Avoine
1995/EXT 97 (42)}) 12... a5 13. Qd2 (13. b3 Nd7 14. Bxg7 Kxg7 15. Qd2 (15. Nd5
Nc5 16. Qd2 e5 17. Nc3 f5 18. Bc2 f4 19. Rad1 Rf6 20. a3 $14 {1/2-1/2 Ivanov,
M-Djurhuus,R/Gausdal 1995/CBM 47 ext (54)}) 15... f6 16. Re3 Rf7 17. Nd5 $14 {
1/2-1/2 Gallagher,J-Nielsen,P/Forli 1992/TD (36)}) 13... Nd7 ({Interesting is} 
13... a4 {with idea to play Qa5} 14. Nd5 (14. Rac1 Qa5 $5 15. Bf1 Rfd8 16. f3
Nd7 17. Be3 Nc5 18. Red1 $14 {1-0 Bogut,Z-Gazarek,D/Pula 1998/EXT 2000 (64)})
14... Nd7 (14... Nxd5 15. Bxg7 Kxg7 16. exd5 Bd7 $14) 15. Bxg7 Kxg7 16. Re3 Re8
17. Rh3 $14 {0-1 Estrada Nieto,J-Scarella,E/Bariloche 1991/EXT 97 (40)}) (13...
Re8 14. Rad1 a4 15. Nd5 $14 {1/2-1/2 Nikcevic,N-Cabrilo,G/Cetinje 1992/EXT 97 
(26)}) (13... Ng4 14. Bxg7 Kxg7 15. Rad1 Qb6 16. Bf1 Rae8 17. h3 Ne5 18. Kh1
Qc5 19. b3 f5 20. f4 $14 {1-0 Kaiumov,D-Blodstein,A/Tashkent 1992/EXT 97 (34)})
14. Bxg7 Kxg7 15. Re3 $1 {With idea to join white R to Attack on the kingside.}
h6 ({Another continuations also retain to White an advantage:} 15... Nc5 16.
Rd1 Qb6 17. Bb1 Rfd8 18. Nd5 Bxd5 19. exd5 Qc7 20. Rde1 $16 {1-0 Milos,G-Silva,
S/Buenos Aires 1991/EXT 2000 (28)}) (15... Kg8 16. Rd1 Re8 17. Bb1 Qb6 18. Rde1
Qb4 19. Qe2 a4 20. Nd5 Bxd5 21. exd5 Ne5 22. b3 axb3 23. axb3 Ra1 24. f4 $18 {
1-0 Arizmendi,Y-Benjamin,D/USA-ch cadet 1992/EXT 98 (31)}) (15... f6 $5 16. Rd1
Rf7 17. h4 Kh8 18. b3 Ne5 19. Be2 Qb6 20. f4 Nd7 21. Kh2 Rg8 22. Rf1 $14 {
1-0 Nijboer,F-Reinderman,D/Rotterdam NED 2000 (63)}) 16. Be2 $5 $14 {New idea.
B doesn't go to the diagonal b1-h7. On e2 B can restrict Ne5 and support White
activity on the kingside and in the center.} (16. Rae1 $5 {1-0 Celis,G-Samur,A/
Villa Ballester 1996/CBM 51 ext (30)}) (16. Rh3 h5 17. Rd1 $14 (17. Rxh5 $2
gxh5 18. Qg5+ {1/2-1/2 Stypka,M-Walach,M/Koszalin 1997/CBM 59 ext (18)})) 16...
a4 {[%cal Gd8a5]} 17. h4 $1 Qa5 18. h5 g5 19. Rf1 {[%cal Gf2f4]} Qe5 20. Nd5 a3
21. bxa3 $2 $132 {wrong ununderstandable decision! White weakens black squares
on the queenside and gives to Black good counterplay.} ({More natural is} 21.
b4 $14 {[%csl Rc5][%cal Gf2f4]}) 21... e6 22. g3 Kh8 (22... exd5 $2 {is not a
threat!} 23. exd5 Qf6 24. dxc6 bxc6 25. Rd1 $16 {[%csl Rd6]}) 23. Kh2 {
preparing f2-f4} ({Premature is} 23. f4 $6 gxf4 24. gxf4 $2 Qg7+ $17 {[%csl
Rd5]}) 23... g4 $1 {[%csl Rf2] This strong move refutes White's plans of
attack...} 24. Nb4 ({Maybe better is} 24. Bxg4 $5 Qg7 $1 {[%csl Rd5,Rg4]} 25.
Bh3 exd5 26. exd5 Ba4 27. Re7 Ne5 $44) 24... Nf6 (24... Qxh5+ $5 25. Kg2 Ne5
26. Rh1 Qg5 27. Nxc6 bxc6 28. Qxd6 (28. Rd3 Kg7 29. Qxg5+ hxg5 $132) 28... Rfd8
29. Qc5 Rd2 $132) 25. Nxc6 bxc6 26. Qd1 Nxe4 (26... Qxh5+ $1 27. Kg1 (27. Kg2
Qh3+ 28. Kg1 Ra5 {[%cal Ga5h5]} 29. e5 $8 dxe5 $15) 27... Rfd8 $15) 27. Kg1 (
27. Bxg4 Nxf2 $1 28. Rxe5 Nxd1 29. Re2 Nc3 30. Rc2 $132) 27... f5 28. Bd3 d5 (
28... Rxa3 $17) 29. cxd5 exd5 $2 $15 (29... cxd5 $1 30. Bxe4 dxe4 $17 {[%csl
Ra2,Ra3,Ge4,Gf5,Gg4,Rh5]}) 30. Bxe4 fxe4 31. Qxg4 {Black has strong P chain,
but his K is vulnerable.} Ra7 32. Rc1 Qb2 33. Rf1 Rg7 (33... Qf6 $15) 34. Qd1
Qe5 35. Qc2 {[%cal Gc2e4] preventing d5-d4} Rf6 36. a4 Re7 (36... Qxh5 $15) 37.
Rfe1 {preventing d5-d4 again} Qd6 $2 $132 ({Clear advantage Black has after} 
37... Qxh5 38. a5 c5 $17) 38. Qb2 $1 Kh7 (38... Ra7 $132) 39. a5 $1 c5 $2 $14 {
Weakening b6 square...} (39... Ref7 {[%csl Rf2][%cal Gf6f2]} 40. R1e2 Rf5 41.
a6 $132) 40. Rb3 $1 {[%cal Gb3b6]} d4 $2 $18 {Black put mistake after mistake..
.} (40... Ref7 41. Rb6 Qe7 42. Qd2 $14) 41. Rb6 Qe5 42. Rxe4 $1 {White wins P .
..} Qxe4 43. Rxf6 Qe1+ 44. Kh2 Qe2 {In rook ending Black has no sufficient
compensation.} 45. Qb3 $2 $14 {Wrong ending evaluation!} ({After} 45. Qxe2 Rxe2
{[%mdl 4096]} 46. a6 $1 {White wins easily:} (46. a4 Ra2 47. Rc6 d3 $1 (47...
Rxf2+ 48. Kh3 Ra2 49. Rc7+ Kg8 50. a6 Rxa4 51. a7 $18) 48. Rxc5 Rxf2+ 49. Kh3
Ra2 50. Rd5 Rxa4 51. Rxd3 Rxa5 $11) 46... Rxa2 47. Kg2 c4 48. Rc6 c3 (48... d3
49. Kf3 $18) 49. Kf3 c2 50. Ke4 $18) 45... Qxh5+ 46. Kg2 Re1 (46... Kg7 47. Rf4
$16) 47. Qf7+ {The only way to fight for advantage...} (47. Qb7+ Kg8 48. Qb8+
Kh7 49. Qc7+ Kg8 50. Qd8+ Kh7 $11) 47... Qxf7 48. Rxf7+ Kg6 49. Rd7 Kf5 $44 {
[%mdl 4096] Here Black has sufficient compensation...} (49... Ra1 50. Rd5 c4
51. Rxd4 Rxa2 52. Rxc4 Rxa5 $16) 50. Rd5+ Ke4 51. Rxc5 Re2 $2 $18 {The last
mistake in the game...} (51... d3 $1 52. a6 (52. Rc4+ Kd5 53. Rc8 Kd4 54. a6
Re7 55. Rd8+ Kc3 $44) 52... d2 53. a7 Rg1+ $3 $11 {This strong move probably
was missed by both of sides...} (53... d1=Q $4 54. a8=Q+ $18) 54. Kh3 Rh1+ 55.
Kg2 Rg1+ $11) 52. a4 Ra2 53. a6 Rxa4 54. f3+ $1 Ke3 55. Re5+ Kd2 56. Re6 h5 (
56... d3 57. Rxh6 Kc1 58. Rc6+ Kb2 59. Rd6 Kc2 60. Kf2 d2 61. Ke2 $18) 57. f4
Ra5 58. Kf3 d3 59. Rd6 Kc2 60. Ke3 Ra3 61. Rd5 Rxa6 62. Rc5+ Kd1 63. Kxd3 1-0